<?xml version="1.0" encoding="UTF-8"?>
<record
    xmlns:xsi="http://www.w3.org/2001/XMLSchema-instance"
    xsi:schemaLocation="http://www.loc.gov/MARC21/slim http://www.loc.gov/standards/marcxml/schema/MARC21slim.xsd"
    xmlns="http://www.loc.gov/MARC21/slim">

  <leader>01729nam a2200289Ia 4500</leader>
  <datafield tag="999" ind1=" " ind2=" ">
    <subfield code="c">54816</subfield>
    <subfield code="d">54816</subfield>
  </datafield>
  <controlfield tag="001">21885</controlfield>
  <controlfield tag="003">GE_BSU</controlfield>
  <controlfield tag="005">20211209145939.0</controlfield>
  <controlfield tag="008">181216s2016ge  xx |||||||||||||| ||geo||</controlfield>
  <datafield tag="020" ind1=" " ind2=" ">
    <subfield code="a">9789941252563</subfield>
  </datafield>
  <datafield tag="040" ind1=" " ind2=" ">
    <subfield code="c">GE_BSU</subfield>
  </datafield>
  <datafield tag="041" ind1=" " ind2=" ">
    <subfield code="a">geo</subfield>
  </datafield>
  <datafield tag="080" ind1=" " ind2=" ">
    <subfield code="a">657(075.8)  &#x10ED;-46</subfield>
  </datafield>
  <datafield tag="100" ind1=" " ind2=" ">
    <subfield code="a">&#x10ED;&#x10D8;&#x10DA;&#x10D0;&#x10EB;&#x10D4;, &#x10D8;&#x10D6;&#x10DD;&#x10DA;&#x10D3;&#x10D0;.</subfield>
    <subfield code="9">13244</subfield>
  </datafield>
  <datafield tag="245" ind1=" " ind2=" ">
    <subfield code="a">&#x10DB;&#x10DB;&#x10D0;&#x10E0;&#x10D7;&#x10D5;&#x10D4;&#x10DA;&#x10DD;&#x10D1;&#x10D8;&#x10D7;&#x10D8; &#x10D0;&#x10E6;&#x10E0;&#x10D8;&#x10EA;&#x10EE;&#x10D5;&#x10D0; : &#x10D7;&#x10D4;&#x10DD;&#x10E0;&#x10D8;&#x10D0; &#x10D3;&#x10D0; &#x10DE;&#x10E0;&#x10D0;&#x10E5;&#x10E2;&#x10D8;&#x10D9;&#x10D0; : </subfield>
    <subfield code="b"> &#x10E1;&#x10D0;&#x10EE;&#x10D4;&#x10DA;&#x10DB;&#x10EB;&#x10E6;&#x10D5;&#x10D0;&#x10DC;&#x10D4;&#x10DA;&#x10DD;  /</subfield>
    <subfield code="c">&#x10D8;&#x10D6;&#x10DD;&#x10DA;&#x10D3;&#x10D0;  &#x10ED;&#x10D8;&#x10DA;&#x10D0;&#x10EB;&#x10D4; ; &#x10E0;&#x10D4;&#x10D3; : &#x10DC;&#x10D0;&#x10DC;&#x10D0; &#x10E1;&#x10E0;&#x10D4;&#x10E1;&#x10D4;&#x10DA;&#x10D8;;  &#x10D6;&#x10D4;&#x10D8;&#x10DC;&#x10D0;&#x10D1; &#x10D2;&#x10DD;&#x10D2;&#x10E0;&#x10D8;&#x10ED;&#x10D8;&#x10D0;&#x10DC;&#x10D8;.</subfield>
  </datafield>
  <datafield tag="250" ind1=" " ind2=" ">
    <subfield code="a">&#x10DB;&#x10D4;-4 &#x10D2;&#x10D0;&#x10D3;&#x10D0;&#x10DB;&#x10E3;&#x10E8;&#x10D0;&#x10D5;&#x10D4;&#x10D1;&#x10E3;&#x10DA;&#x10D8; &#x10D2;&#x10D0;&#x10DB;&#x10DD;&#x10EA;&#x10D4;&#x10DB;&#x10D0;.</subfield>
  </datafield>
  <datafield tag="264" ind1=" " ind2=" ">
    <subfield code="a">&#x10D7;&#x10D1;&#x10D8;&#x10DA;&#x10D8;&#x10E1;&#x10D8; :</subfield>
    <subfield code="b">&#x10DB;&#x10D4;&#x10E0;&#x10D8;&#x10D3;&#x10D8;&#x10D0;&#x10DC;&#x10D8;,</subfield>
    <subfield code="c">2016</subfield>
  </datafield>
  <datafield tag="300" ind1=" " ind2=" ">
    <subfield code="a">286 &#x10D2;&#x10D5;:.</subfield>
    <subfield code="b">&#x10EA;&#x10EE;&#x10E0;;</subfield>
    <subfield code="c">28 &#x10E1;&#x10DB;.</subfield>
  </datafield>
  <datafield tag="501" ind1=" " ind2=" ">
    <subfield code="a">&#x10D2;&#x10D0;&#x10DB;&#x10DD;&#x10E7;&#x10D4;&#x10DC;&#x10D4;&#x10D1;&#x10E3;&#x10DA;&#x10D8; &#x10E2;&#x10D4;&#x10E0;&#x10DB;&#x10D8;&#x10DC;&#x10D4;&#x10D1;&#x10D8;&#x10E1; &#x10E5;&#x10D0;&#x10E0;&#x10D7;&#x10E3;&#x10DA;-&#x10D8;&#x10DC;&#x10D2;&#x10DA;&#x10D8;&#x10E1;&#x10E3;&#x10E0;&#x10D8; &#x10DA;&#x10D4;&#x10E5;&#x10E1;&#x10D8;&#x10D9;&#x10DD;&#x10DC;&#x10D8;: &#x10D2;&#x10D5;. 276-284.</subfield>
  </datafield>
  <datafield tag="504" ind1=" " ind2=" ">
    <subfield code="a"> &#x10D1;&#x10D8;&#x10D1;&#x10DA;&#x10D8;&#x10DD;&#x10D2;&#x10E0;&#x10D0;&#x10E4;&#x10D8;&#x10D0; &#x10D1;&#x10D8;&#x10D1;&#x10DA;&#x10D8;&#x10DD;&#x10D2;&#x10E0;. &#x10D2;&#x10D5;:285</subfield>
  </datafield>
  <datafield tag="653" ind1=" " ind2=" ">
    <subfield code="a">&#x10D1;&#x10E3;&#x10E6;&#x10D0;&#x10DA;&#x10E2;&#x10D4;&#x10E0;&#x10D8;&#x10D0;</subfield>
  </datafield>
  <datafield tag="653" ind1=" " ind2=" ">
    <subfield code="a">&#x10D1;&#x10E3;&#x10E6;&#x10D0;&#x10DA;&#x10E2;&#x10E0;&#x10E3;&#x10DA;&#x10D8; &#x10D0;&#x10E6;&#x10E0;&#x10D8;&#x10EA;&#x10EE;&#x10D5;&#x10D0; &#x10E1;&#x10D0;&#x10EE;&#x10D4;&#x10DA;&#x10DB;&#x10EB;&#x10E6;&#x10D5;&#x10D0;&#x10DC;&#x10D4;&#x10DA;&#x10DD;&#x10D4;&#x10D1;&#x10D8;.</subfield>
  </datafield>
  <datafield tag="653" ind1=" " ind2=" ">
    <subfield code="a">&#x10DB;&#x10DB;&#x10D0;&#x10E0;&#x10D7;&#x10D5;&#x10D4;&#x10DA;&#x10DD;&#x10D1;&#x10D8;&#x10D7;&#x10D8; &#x10D0;&#x10E6;&#x10E0;&#x10D8;&#x10EA;&#x10EE;&#x10D5;&#x10D0; : &#x10D7;&#x10D4;&#x10DD;&#x10E0;&#x10D8;&#x10D0; &#x10D3;&#x10D0; &#x10DE;&#x10E0;&#x10D0;&#x10E5;&#x10E2;&#x10D8;&#x10D9;&#x10D0; : &#x10E1;&#x10D0;&#x10EE;&#x10D4;&#x10DA;&#x10DB;&#x10EB;&#x10E6;&#x10D5;&#x10D0;&#x10DC;&#x10D4;&#x10DA;&#x10DD;</subfield>
  </datafield>
  <datafield tag="700" ind1=" " ind2=" ">
    <subfield code="a">&#x10E1;&#x10E0;&#x10D4;&#x10E1;&#x10D4;&#x10DA;&#x10D8;, &#x10DC;&#x10D0;&#x10DC;&#x10D0;</subfield>
    <subfield code="e">&#x10E0;&#x10D4;&#x10D3;&#x10D0;&#x10E5;&#x10E2;&#x10DD;&#x10E0;&#x10D8;</subfield>
    <subfield code="9">13252</subfield>
  </datafield>
  <datafield tag="700" ind1=" " ind2=" ">
    <subfield code="a">&#x10D2;&#x10DD;&#x10D2;&#x10E0;&#x10D8;&#x10ED;&#x10D8;&#x10D0;&#x10DC;&#x10D8;, &#x10D6;&#x10D4;&#x10D8;&#x10DC;&#x10D0;&#x10D1;</subfield>
    <subfield code="e">&#x10E0;&#x10D4;&#x10D3;&#x10D0;&#x10E5;&#x10E2;&#x10DD;&#x10E0;&#x10D8;</subfield>
    <subfield code="9">13245</subfield>
  </datafield>
  <datafield tag="942" ind1=" " ind2=" ">
    <subfield code="c">BK</subfield>
    <subfield code="2">udc</subfield>
  </datafield>
  <datafield tag="952" ind1=" " ind2=" ">
    <subfield code="0">0</subfield>
    <subfield code="1">0</subfield>
    <subfield code="2">udc</subfield>
    <subfield code="4">0</subfield>
    <subfield code="6">6570758_&#x10ED;46</subfield>
    <subfield code="7">0</subfield>
    <subfield code="9">79042</subfield>
    <subfield code="a">CPL</subfield>
    <subfield code="b">CPL</subfield>
    <subfield code="c">GEN</subfield>
    <subfield code="d">2018-12-17</subfield>
    <subfield code="g">19.00</subfield>
    <subfield code="o">657(075.8)  &#x10ED;-46</subfield>
    <subfield code="p">56547</subfield>
    <subfield code="r">2018-12-17</subfield>
    <subfield code="t">56547</subfield>
    <subfield code="w">2018-12-17</subfield>
    <subfield code="y">BK</subfield>
    <subfield code="z">19.00</subfield>
  </datafield>
  <datafield tag="952" ind1=" " ind2=" ">
    <subfield code="0">0</subfield>
    <subfield code="1">0</subfield>
    <subfield code="2">udc</subfield>
    <subfield code="4">0</subfield>
    <subfield code="6">6570758_&#x10ED;46</subfield>
    <subfield code="7">0</subfield>
    <subfield code="9">79043</subfield>
    <subfield code="a">CPL</subfield>
    <subfield code="b">CPL</subfield>
    <subfield code="c">GEN</subfield>
    <subfield code="d">2018-12-17</subfield>
    <subfield code="g">19.00</subfield>
    <subfield code="o">657(075.8)  &#x10ED;-46</subfield>
    <subfield code="p">56548</subfield>
    <subfield code="r">2018-12-17</subfield>
    <subfield code="t">56548</subfield>
    <subfield code="w">2018-12-17</subfield>
    <subfield code="y">BK</subfield>
    <subfield code="z">19.00</subfield>
  </datafield>
  <datafield tag="952" ind1=" " ind2=" ">
    <subfield code="0">0</subfield>
    <subfield code="1">0</subfield>
    <subfield code="2">udc</subfield>
    <subfield code="4">0</subfield>
    <subfield code="6">6570758_&#x10ED;46</subfield>
    <subfield code="7">0</subfield>
    <subfield code="9">79044</subfield>
    <subfield code="a">CPL</subfield>
    <subfield code="b">CPL</subfield>
    <subfield code="c">GEN</subfield>
    <subfield code="d">2018-12-17</subfield>
    <subfield code="g">19.00</subfield>
    <subfield code="o">657(075.8)  &#x10ED;-46</subfield>
    <subfield code="p">56549</subfield>
    <subfield code="r">2018-12-17</subfield>
    <subfield code="t">56549</subfield>
    <subfield code="w">2018-12-17</subfield>
    <subfield code="y">BK</subfield>
    <subfield code="z">19.00</subfield>
  </datafield>
  <datafield tag="952" ind1=" " ind2=" ">
    <subfield code="0">0</subfield>
    <subfield code="1">0</subfield>
    <subfield code="2">udc</subfield>
    <subfield code="4">0</subfield>
    <subfield code="6">6570758_&#x10ED;46</subfield>
    <subfield code="7">0</subfield>
    <subfield code="9">79045</subfield>
    <subfield code="a">CPL</subfield>
    <subfield code="b">CPL</subfield>
    <subfield code="c">GEN</subfield>
    <subfield code="d">2018-12-17</subfield>
    <subfield code="g">19.00</subfield>
    <subfield code="o">657(075.8)  &#x10ED;-46</subfield>
    <subfield code="p">56550</subfield>
    <subfield code="r">2018-12-17</subfield>
    <subfield code="t">56550</subfield>
    <subfield code="w">2018-12-17</subfield>
    <subfield code="y">BK</subfield>
    <subfield code="z">19.00</subfield>
  </datafield>
  <datafield tag="952" ind1=" " ind2=" ">
    <subfield code="0">0</subfield>
    <subfield code="1">0</subfield>
    <subfield code="2">udc</subfield>
    <subfield code="4">0</subfield>
    <subfield code="6">6570758_&#x10ED;46</subfield>
    <subfield code="7">0</subfield>
    <subfield code="9">79046</subfield>
    <subfield code="a">CPL</subfield>
    <subfield code="b">CPL</subfield>
    <subfield code="c">GEN</subfield>
    <subfield code="d">2018-12-17</subfield>
    <subfield code="g">19.00</subfield>
    <subfield code="o">657(075.8)  &#x10ED;-46</subfield>
    <subfield code="p">56551</subfield>
    <subfield code="r">2018-12-17</subfield>
    <subfield code="t">56551</subfield>
    <subfield code="w">2018-12-17</subfield>
    <subfield code="y">BK</subfield>
    <subfield code="z">19.00</subfield>
  </datafield>
  <datafield tag="952" ind1=" " ind2=" ">
    <subfield code="0">0</subfield>
    <subfield code="1">0</subfield>
    <subfield code="2">udc</subfield>
    <subfield code="4">0</subfield>
    <subfield code="6">6570758_&#x10ED;46</subfield>
    <subfield code="7">0</subfield>
    <subfield code="9">79047</subfield>
    <subfield code="a">CPL</subfield>
    <subfield code="b">CPL</subfield>
    <subfield code="c">GEN</subfield>
    <subfield code="d">2018-12-17</subfield>
    <subfield code="g">19.00</subfield>
    <subfield code="o">657(075.8)  &#x10ED;-46</subfield>
    <subfield code="p">56552</subfield>
    <subfield code="r">2018-12-17</subfield>
    <subfield code="t">56552</subfield>
    <subfield code="w">2018-12-17</subfield>
    <subfield code="y">BK</subfield>
    <subfield code="z">19.00</subfield>
  </datafield>
  <datafield tag="952" ind1=" " ind2=" ">
    <subfield code="0">0</subfield>
    <subfield code="1">0</subfield>
    <subfield code="2">udc</subfield>
    <subfield code="4">0</subfield>
    <subfield code="6">6570758_&#x10ED;46</subfield>
    <subfield code="7">0</subfield>
    <subfield code="9">79048</subfield>
    <subfield code="a">CPL</subfield>
    <subfield code="b">CPL</subfield>
    <subfield code="c">GEN</subfield>
    <subfield code="d">2018-12-17</subfield>
    <subfield code="g">19.00</subfield>
    <subfield code="o">657(075.8)  &#x10ED;-46</subfield>
    <subfield code="p">56553</subfield>
    <subfield code="r">2018-12-17</subfield>
    <subfield code="t">56553</subfield>
    <subfield code="w">2018-12-17</subfield>
    <subfield code="y">BK</subfield>
    <subfield code="z">19.00</subfield>
  </datafield>
  <datafield tag="952" ind1=" " ind2=" ">
    <subfield code="0">0</subfield>
    <subfield code="1">0</subfield>
    <subfield code="2">udc</subfield>
    <subfield code="4">0</subfield>
    <subfield code="6">6570758_&#x10ED;46</subfield>
    <subfield code="7">0</subfield>
    <subfield code="9">79049</subfield>
    <subfield code="a">CPL</subfield>
    <subfield code="b">CPL</subfield>
    <subfield code="c">GEN</subfield>
    <subfield code="d">2018-12-17</subfield>
    <subfield code="g">19.00</subfield>
    <subfield code="o">657(075.8)  &#x10ED;-46</subfield>
    <subfield code="p">56554</subfield>
    <subfield code="r">2018-12-17</subfield>
    <subfield code="t">56554</subfield>
    <subfield code="w">2018-12-17</subfield>
    <subfield code="y">BK</subfield>
    <subfield code="z">19.00</subfield>
  </datafield>
  <datafield tag="952" ind1=" " ind2=" ">
    <subfield code="0">0</subfield>
    <subfield code="1">0</subfield>
    <subfield code="2">udc</subfield>
    <subfield code="4">0</subfield>
    <subfield code="6">6570758_&#x10ED;46</subfield>
    <subfield code="7">0</subfield>
    <subfield code="9">79050</subfield>
    <subfield code="a">CPL</subfield>
    <subfield code="b">CPL</subfield>
    <subfield code="c">GEN</subfield>
    <subfield code="d">2018-12-17</subfield>
    <subfield code="g">19.00</subfield>
    <subfield code="o">657(075.8)  &#x10ED;-46</subfield>
    <subfield code="p">56555</subfield>
    <subfield code="r">2018-12-17</subfield>
    <subfield code="t">56555</subfield>
    <subfield code="w">2018-12-17</subfield>
    <subfield code="y">BK</subfield>
    <subfield code="z">19.00</subfield>
  </datafield>
  <datafield tag="952" ind1=" " ind2=" ">
    <subfield code="0">0</subfield>
    <subfield code="1">0</subfield>
    <subfield code="2">udc</subfield>
    <subfield code="4">0</subfield>
    <subfield code="6">6570758_&#x10ED;46</subfield>
    <subfield code="7">0</subfield>
    <subfield code="9">79051</subfield>
    <subfield code="a">CPL</subfield>
    <subfield code="b">CPL</subfield>
    <subfield code="c">GEN</subfield>
    <subfield code="d">2018-12-17</subfield>
    <subfield code="g">19.00</subfield>
    <subfield code="o">657(075.8)  &#x10ED;-46</subfield>
    <subfield code="p">56556</subfield>
    <subfield code="r">2018-12-17</subfield>
    <subfield code="t">56556</subfield>
    <subfield code="w">2018-12-17</subfield>
    <subfield code="y">BK</subfield>
    <subfield code="z">19.00</subfield>
  </datafield>
</record>
